Crisis de la familia; (Record no. 50158)
[ view plain ]
| 000 -LEADER | |
|---|---|
| campo de control de longitud fija | 00784cam a22002771 4500 |
| 001 - NÚMERO DE CONTROL | |
| campo de control | 30253 |
| 005 - FECHA Y HORA DE LA ÚLTIMA TRANSACCIÓN | |
| campo de control | 20230410120711.0 |
| 008 - DATOS DE LONGITUD FIJA--INFORMACIÓN GENERAL | |
| campo de control de longitud fija | 750113s1977 sp 000 0 spa |
| 035 ## - NÚMERO DE CONTROL DEL SISTEMA | |
| -- | (DLC) 74219850 |
| 035 ## - NÚMERO DE CONTROL DEL SISTEMA | |
| Número de control de sistema | 9477709 |
| 010 ## - NÚMERO DE CONTROL DE LA BIBLIOTECA DEL CONGRESO | |
| Número de control de LC | 74219850 |
| 020 ## - NÚMERO INTERNACIONAL ESTÁNDAR DEL LIBRO | |
| Número Internacional Estándar del Libro | 8424501942 |
| 040 ## - FUENTE DE CATALOGACIÓN | |
| Centro catalogador/agencia de origen | DLC |
| Centro/agencia transcriptor | NmU |
| Centro/agencia modificador | DLC |
| 042 ## - CÓDIGO DE AUTENTICACIÓN | |
| Código de autenticación | premarc |
| 050 14 - SIGNATURA TOPOGRÁFICA DE LA BIBLIOTECA DEL CONGRESO | |
| Número de clasificación | HQ 743 |
| Número de ítem | C236c 1977 |
| 100 2# - ENTRADA PRINCIPAL--NOMBRE DE PERSONA | |
| Nombre de persona | Caparrós Sánchez, Nicolás. |
| 245 10 - MENCIÓN DEL TÍTULO | |
| Título | Crisis de la familia; |
| Resto del título | revolución del vivir / |
| Mención de responsabilidad, etc. | Nicolás Caparrós. |
| 260 ## - PUBLICACIÓN, DISTRIBUCIÓN, ETC. | |
| Lugar de publicación, distribución, etc. | Madrid : |
| Nombre del editor, distribuidor, etc. | Editorial Fundamentos, |
| Fecha de publicación, distribución, etc. | 1977. |
| 300 ## - DESCRIPCIÓN FÍSICA | |
| Extensión | 169 p. |
| Otras características físicas | illus. |
| Dimensiones | 21 cm. |
| 504 ## - NOTA DE BIBLIOGRAFÍA, ETC. | |
| Nota de bibliografía, etc. | Includes bibliographies. |
| 650 #0 - PUNTO DE ACCESO ADICIONAL DE MATERIA--TÉRMINO DE MATERIA | |
| Término de materia o nombre geográfico como elemento de entrada | Family. |
| 650 #0 - PUNTO DE ACCESO ADICIONAL DE MATERIA--TÉRMINO DE MATERIA | |
| Término de materia o nombre geográfico como elemento de entrada | Interpersonal relations. |
| 650 #0 - PUNTO DE ACCESO ADICIONAL DE MATERIA--TÉRMINO DE MATERIA | |
| Término de materia o nombre geográfico como elemento de entrada | Family |
| Subdivisión general | History. |
| 942 ## - ELEMENTOS DE ENTRADA SECUNDARIOS (KOHA) | |
| Fuente del sistema de clasificación o colocación | Clasificación de Library of Congress |
| Tipo de ítem Koha | |
| 985 ## - | |
| -- | OCLC REPLACEMENT cdsdistr |
| Estatus retirado | Estado de pérdida | Fuente del sistema de clasificación o colocación | Estado de daño | No para préstamo | Colección | Biblioteca de origen | Biblioteca actual | Ubicación en estantería | Fecha de adquisición | Serial enumeration / chronology | Signatura topográfica completa | Código de barras | Visto por última vez | Copia número | Tipo de ítem Koha |
|---|---|---|---|---|---|---|---|---|---|---|---|---|---|---|---|
| Clasificación de Library of Congress | Ciencias Sociales | Biblioteca Juan Bosch | Biblioteca Juan Bosch | Ciencias Sociales (3er. Piso) | 10/04/2023 | 1 | HQ 743 C236c 1977 | 00000032166 | 24/10/2018 | 1 |
